000 01388nam a2200337 i 4500
003 EG-GICUC
005 20260121101443.0
008 251209s2005 ua ||||fr|||| 000 0 ara d
017 _a2005/2156
020 _a977-5566-96-7
040 _a EG-GICUC
_bara
_c EG-GICUC
_d EG-GICUC
_erda
041 _aara
082 0 4 _221
_a343.46070
_bع م . ا
092 0 4 _221
099 _aLaw1 10 343.46070 ع م . ا 1 ed - 2005
245 1 2 _aالاتهام في الجرائم الفكرية في القانون الامريكي :
_bالعدوان التقليدي والعدوان باستخدام الحاسوب والانترنت /
_cعمر محمد بن يونس.
250 _aالطبعة الاولى
264 1 _aالقاهرة :
_bدار النهضة العربية,
_c2005.
300 _a272, xxxiv ؛صفحة
_c24 سم
336 _2rda content
_atext
337 _2rda media
_aComputer
338 _2rda carrier
_aOnline Resource
500 _aيشتمل على ملاحق.
546 _aالنص أغلبه باللغة العربية مع بعض النصوص الإنجليزية
650 1 4 _aالتشريعات المتعلقة بتقنية المعلومات
_2qrmak
651 1 _2qrmak
700 _aعمر محمد بن يونس
_eمترجم.
856 4 0 _uhttps://fll.law.cu.edu.eg/fulltext/bks/B10-06974.pdf
905 _a79
_eHassnaa
942 _2ddc
_cBK
_e21
_n0
999 _c49229
_d49229